| 000 | 00445nam a2200169Ia 4500 | ||
|---|---|---|---|
| 003 | GCL | ||
| 008 | 140319s9999 xx 000 0 eng d | ||
| 040 |
_aGCL / _cGCL |
||
| 082 | 0 | 4 |
_a170 _bB M |
| 100 | 1 | _aBRINK, DAVID O. | |
| 245 | 1 | 0 |
_aMORAL REALISM AND THE FOUNDATIONS OF ETHICS / _cBRINK, DAVID O. |
| 260 |
_a[S.N] : _bCAMBRIBGE UNIVERSITY PRESS ، _c1989 |
||
| 300 | _a340 P | ||
| 650 | 0 | 4 | _aETHICS |
| 650 | 0 | 4 | _aREALISM |
| 942 |
_2ddc _cBK |
||
| 999 |
_c21217 _d21217 |
||